Przystanki tramwajowe w Szczecinie - Statystyki

Ogólne statystyki
  • Ten quiz został rozwiązany 151 razy
  • Średni wynik to 48 z 94
Statystyki odpowiedzi
Linie Przystanek % Poprawnych
1, 2, 3, 6, 7, 8, 9, 10 Brama Portowa
94%
1, 2, 3, 4, 5, 6, 10, 11 Plac Rodła
94%
4, 7, 8, 9, 10 Plac Kościuszki
84%
2, 6, 7, 8 Wyszyńskiego
82%
1, 3, 9 Potulicka
81%
2, 7, 8 Turkusowa
81%
8, 10 Gumieńce
77%
9, 10 Głębokie
76%
1, 2, 3, 4, 6, 10 Plac Żołnierza Polskiego
75%
1, 4, 5 Plac Szarych Szeregów
74%
6 Gocław
73%
1, 4, 5 Plac Grunwaldzki
72%
7, 9 Turzyn
72%
2, 7, 8 Basen Górniczy
70%
2, 11 Dworzec Niebuszewo
70%
2, 3, 10, 11 Kołłątaja
69%
5, 7, 9 Bohaterów Warszawy
67%
1, 3, 5, 7 Osiedle Zawadzkiego
67%
1, 4, 6, 10 Filharmonia
66%
2, 7, 8 Jaśminowa ZUS
66%
4, 5 Piastów
66%
2, 3, 10, 11 Rayskiego
65%
2, 7, 8 Hangarowa
64%
6, 11 Ludowa
64%
5, 6, 11 Stocznia Szczecińska
64%
3, 10 Las Arkoński
61%
5, 7, 9 Wawrzyniaka
61%
8, 10 Cmentarz Centralny
58%
1, 3, 9 Plac Zawiszy
57%
7, 8, 9, 10 Plac Zwycięstwa
57%
4 Szwoleżerów
56%
1, 9 Zajezdnia Pogodno
56%
8, 10 Ku Słońcu
55%
4 Narutowicza
55%
2, 11 Niemcewicza
55%
2, 7, 8 Energetyków
54%
5, 11 Dubois
53%
5, 11 Matejki
53%
1, 3 Szafera
53%
5, 7 Wernyhory
53%
4 Plac Szyrockiego
52%
1, 3, 9, 10 Rondo Olszewskiego
52%
2, 7, 8 Celna
50%
1, 9 Łękno
50%
8, 10 Szkoła Salezjańska
50%
6 Wały Chrobrego
50%
5, 11 Parkowa
49%
2, 7, 8 Port Centralny
49%
1, 9 Unii Lubelskiej
49%
5, 7 Żołnierska
49%
8, 10 Karola Miarki
48%
8, 10 Kwiatowa
48%
6 Zajezdnia Golęcin
47%
5, 7 Karłowicza
46%
2, 7, 8 Merkatora
46%
5, 7 Poniatowskiego
45%
1, 9 Bogumiły
44%
1 Felczaka
44%
1 Piotra Skargi
44%
8, 10 Sikorskiego
44%
1, 3 Arena Szczecin
43%
2, 11 Boguchwały
43%
9, 10 Kasyno
43%
5, 7 Konopnickiej
43%
3, 10 Arkońska Szpital
42%
2, 3, 10, 11 Lubomirskiego
42%
8, 10 Osiedle Akademickie
42%
5, 7 Brzozowskiego
41%
2, 7, 8 Parnica
41%
2, 3, 10, 11 Plac Witosa
41%
1, 3, 9 Sowińskiego
41%
3, 10 Wszystkich Świętych
40%
5, 6, 11 Antosiewicza
39%
3, 10 Muzeum Techniki
39%
3, 10 Krasińskiego
36%
6, 11 Lubeckiego
36%
3, 10 Stadion „Arkonia”
36%
5, 7 Modra
35%
3, 10 Wojciechowskiego
35%
6 Bulwar Piastowski
34%
9, 10 Goplana
34%
8, 10 Kręta
34%
9 Plac Gałczyńskiego
33%
3, 10 Niemierzyńska Technopark
32%
6 Robotnicza
31%
6 Światowida
31%
3, 10 Międzyparkowa
30%
6 Teatr Polski
30%
9, 10 Tor Kolarski
30%
3, 10 Tatrzańska
28%
6, 11 Dobromiry
27%
6 Lipowa
27%
11 Stocznia Remontowa
26%
6 Strzałowska
26%
Nie znaleziono quizów pasujących do podanych kryteriów
Rozkład punktacji
Procent ludzi z każdym wynikiem
Percentyl według liczby udzielonych odpowiedzi
Twoja historia wyników
Nie rozwiązałeś tego quizu